00437nam a22001697a 450000500170000000800410001702000270005804000090008504100110009408200170010510000200012224500400014226000300018230000080021265000200022070000270024020260530162418.0260530b |||||||| |||| 00| 0 eng d a9783111357850c2132.65 aMAIN aGerman a320.014bSPR aKamper, Heidrun aSprache in Politik Und Gesellschaft aBerlin bDe Gruyterc2023 a338 aGerman Language aPlewnia, Albrecht (ed)